Normal view
MARC view
Entry Personal Name
001 - CONTROL NUMBER
- control field: 6932
003 - CONTROL NUMBER IDENTIFIER
- control field: BD-RjUL
005 - DATE AND TIME OF LATEST TRANSACTION
- control field: 20230211153312.0
008 - FIXED-LENGTH DATA ELEMENTS
- fixed length control field: 230211|| aca||aabn | a|a d
040 ## - CATALOGING SOURCE
- Original cataloging agency: BD-RjUL
- Transcribing agency: BD-RjUL
100 ## - HEADING--PERSONAL NAME
- Personal name: Munira, Serajum
670 ## - SOURCE DATA FOUND
- Source citation: Work cat.: (BD-RjUL)81202: Munira, Serajum, Cohesive Approach to Primary Education in Bangladesh :, 2013